| 000 | 00839nam a22002777a 4500 | ||
|---|---|---|---|
| 001 | BR8203717 | ||
| 003 | BR-BrBNA | ||
| 005 | 20230928091344.0 | ||
| 007 | ta | ||
| 008 | 230509b bl.||||| |||| 00| 0 por d | ||
| 040 |
_aBR-BrBNA _bpor _cBiblioteca Nacional de Agricultura |
||
| 041 | _a(Por) | ||
| 072 |
_aQ10; N10; E70 _b/G514 |
||
| 090 | _ Q10 BR8203717 | ||
| 110 | 1 |
_aCompanhia Paranaense de Silos e Armazens, Curitiba (Brasil) _92485 |
|
| 111 | 1 |
_a3. Seminario Nacional de Armazenagem _cCuritiba, PR (Brazil) _d9 Oct 1978 |
|
| 245 | 1 | _aAnais do 3. Seminario Nacional de Armazenagem [Brasil] | |
| 260 | 3 |
_aCuritiba, PR (Brasil): _c1982. |
|
| 300 | _av. 1-3 | ||
| 650 | _aARMAZENAMENTO DE ALIMENTO | ||
| 650 | _aARMAZEM | ||
| 650 | _aSILO | ||
| 650 | _aFINANCIAMENTO | ||
| 909 |
_a202309 _bLucia _c55 _dLucia Elande |
||
| 942 | _cBK | ||
| 999 |
_c33521 _d33521 |
||